<?xml version="1.0" encoding="UTF-8"?>
<record
    xmlns:xsi="http://www.w3.org/2001/XMLSchema-instance"
    xsi:schemaLocation="http://www.loc.gov/MARC21/slim http://www.loc.gov/standards/marcxml/schema/MARC21slim.xsd"
    xmlns="http://www.loc.gov/MARC21/slim">

  <leader>01194namaa22002531  4500</leader>
  <controlfield tag="001">174176</controlfield>
  <controlfield tag="003">ES-MaACL</controlfield>
  <controlfield tag="005">20250815105808.0</controlfield>
  <controlfield tag="008">100301s1934    sp ab        |||| ||spa d</controlfield>
  <datafield tag="080" ind1=" " ind2=" ">
    <subfield code="a">551.4(460)</subfield>
  </datafield>
  <datafield tag="080" ind1=" " ind2=" ">
    <subfield code="a">551.7(460)</subfield>
  </datafield>
  <datafield tag="100" ind1="1" ind2=" ">
    <subfield code="a">Hern&#xE1;ndez-Pacheco, Eduardo,</subfield>
    <subfield code="d">1872-1965</subfield>
    <subfield code="9">63012</subfield>
  </datafield>
  <datafield tag="245" ind1="1" ind2="0">
    <subfield code="a">S&#xED;ntesis fisiogr&#xE1;fica y geol&#xF3;gica de Espa&#xF1;a / </subfield>
    <subfield code="c">por Eduardo Hern&#xE1;ndez-Pacheco.</subfield>
  </datafield>
  <datafield tag="260" ind1=" " ind2=" ">
    <subfield code="a">Madrid : </subfield>
    <subfield code="b">Junta para Ampliaci&#xF3;n de Estudios e Investigaciones Cient&#xED;ficas,</subfield>
    <subfield code="c">1932 [i.e. 1934]</subfield>
  </datafield>
  <datafield tag="300" ind1=" " ind2=" ">
    <subfield code="a">2 v. (584 p.) : </subfield>
    <subfield code="b">l&#xE1;m., map. ; </subfield>
    <subfield code="c">24 cm.</subfield>
  </datafield>
  <datafield tag="490" ind1="1" ind2=" ">
    <subfield code="a">Trabajos del Museo Nacional de Ciencias Naturales. Serie Geol&#xF3;gica ;</subfield>
    <subfield code="v">v. 38, 2 fasc.</subfield>
  </datafield>
  <datafield tag="596" ind1=" " ind2=" ">
    <subfield code="a">En la cubierta del primer fasc&#xED;culo, a&#xF1;o de edici&#xF3;n 1934.</subfield>
  </datafield>
  <datafield tag="650" ind1=" " ind2="4">
    <subfield code="a">Estratigraf&#xED;a-</subfield>
    <subfield code="z">Espa&#xF1;a.</subfield>
    <subfield code="9">142270</subfield>
  </datafield>
  <datafield tag="651" ind1=" " ind2="4">
    <subfield code="a">Espa&#xF1;a-</subfield>
    <subfield code="x">Geograf&#xED;a f&#xED;sica.</subfield>
    <subfield code="9">8203</subfield>
  </datafield>
  <datafield tag="710" ind1="2" ind2=" ">
    <subfield code="a">Junta para la Ampliaci&#xF3;n de Estudios e Investigaciones Cient&#xED;ficas.</subfield>
    <subfield code="9">5413</subfield>
  </datafield>
  <datafield tag="830" ind1="0" ind2="0">
    <subfield code="a">Trabajos del Museo Nacional de Ciencias Naturales. </subfield>
    <subfield code="p">Serie geol&#xF3;gica</subfield>
    <subfield code="v">v. 38, 2 fasc.</subfield>
    <subfield code="9">189286</subfield>
  </datafield>
  <datafield tag="852" ind1=" " ind2=" ">
    <subfield code="a">ES-MaACL</subfield>
    <subfield code="j">B-13133 </subfield>
    <subfield code="q">.- Ejemplar incompleto, solo el primer fasc&#xED;culo hasta la p&#xE1;g. 258</subfield>
  </datafield>
  <datafield tag="999" ind1=" " ind2=" ">
    <subfield code="c">174176</subfield>
    <subfield code="d">174176</subfield>
  </datafield>
  <datafield tag="952" ind1=" " ind2=" ">
    <subfield code="0">0</subfield>
    <subfield code="1">0</subfield>
    <subfield code="4">0</subfield>
    <subfield code="7">0</subfield>
    <subfield code="a">ATENEOM</subfield>
    <subfield code="b">ATENEOM</subfield>
    <subfield code="c">SPB</subfield>
    <subfield code="d">2010-03-01</subfield>
    <subfield code="e">SC</subfield>
    <subfield code="l">0</subfield>
    <subfield code="o">B-13133</subfield>
    <subfield code="p">1182827</subfield>
    <subfield code="r">2023-02-23 00:00:00</subfield>
    <subfield code="w">2023-02-23</subfield>
    <subfield code="y">MONOGRAFIA</subfield>
  </datafield>
</record>
